00538nam a2200145Ia 4500008004100000100003500041245014400076245003500220260005900255260000900314300001000323650001800333650001500351856002600366170221s9999 xx 000 0 und d aMohammed Qudah Ayat Abu Al Own aAttitudes of Media and Political Sciences Students towards the Way Palestinian Television Addresses the political Division: A Field Study  cMohammed Qudah Ayat Abu Al Own bOnline Journal of Communication and Media Technologies c2014 a4 : 3 xCommunication xMedia Arts uhttp://www.ojcmt.net/